Представление документа в формате MARC21

Поле Инд. ПП Название Значение
Тип записи a
Библиографический уровень b
001 Контрольный номер RU/IS/BASE/128109155
005 Дата корректировки 20210121163742.3
084 a Индекс другой классификации/Индекс ББК 88.415-99; 88.611.45-99
100 1_ a Автор Точилина Т. В.
245 10 a Заглавие К проблеме динамики роли "значимых других" у детей предподросткового и подросткового возраста
504 a Библиография Лит. в конце статьи
520 0_ a Аннотация В исследовании участвовали дети 2-х возрастных групп: 10-11 лет и 13-14 лет. Использовалась методика "внешнегрупповая референтометрия" для выявления круга значимых лиц ("значимых других") в отношении к различным фактам действительности...
650 04 a Основная рубрика детская психология
a Основная рубрика возрастная психология
a Основная рубрика педагогическая психология
a Основная рубрика воспитание
a Основная рубрика психология
653 0_ a Ключевые слова "значимых других" выбор
a Ключевые слова доверие
a Ключевые слова когнитивная сфера
a Ключевые слова методика "внешнегрупповая референтометрия"
a Ключевые слова методика психологического исследования
a Ключевые слова мировоззрение
a Ключевые слова младшие школьники
a Ключевые слова подростки
a Ключевые слова понимание
a Ключевые слова практическая психология (прикладная психология)
a Ключевые слова родители
a Ключевые слова самосознание
a Ключевые слова сверстники
a Ключевые слова социализация подростков
a Ключевые слова социальная адаптация
a Ключевые слова социально-психологические факторы
a Ключевые слова социальные ценности
773 18 t Заглавие источника Журнал прикладной психологии
d Дата издания источника 2003
g Прочая информация № 4 - 5. - С. 89 - 92 : табл., диагр.
w Контрольный № источника RU/IS/BASE/127323389
901 t Тип документа b